000 01152naa a22003257a 4500
001 BR7905611
003 BR-BrBNA
005 20240918174430.0
007 ta
008 230509b bl.||||| |||| 00| 0 por d
040 _aBR-BrBNA
_bpor
_cBiblioteca Nacional de Agricultura
041 _a(Es)
072 _aL10
_b5300
_bG516
090 _aL10 BR7905611
100 1 _aGallardo, D.
100 1 _aBarria, N.
111 1 _a8. Seminario Nacional do Porco-Carne
_cBelo Horizonte, MG (Brazil)
_d25 Jul 1979
245 1 _aPlanes de seleccion y reproduccion en el plantel porcino car Ltda. (Chile)[Reproducao animal; Suino]
260 3 _aBelo Horizonte, MG (Brasil):
_c1979.
500 _aAnais do 8. Seminario Nacional do Porco-Carne Belo Horizonte, MG (Brasil): 1979. p. 27-31 (BR7905611-AM)L10
650 _aMelhoramento genetico animal
650 _aSuino
650 _aPlantel
650 _aReproducao animal
650 _aManejo
650 _aChile
773 0 _tAnais do 8. Seminario Nacional do Porco-Carne
_wL10 BR7905611
_gBelo Horizonte, MG (Brasil), 1979. p. 27-31
909 _a202404
_bLucia
_c55
_dLucia Elande
942 _cAM
_2AGRIS
999 _c311214
_d311214